000 00544nam a2200181Ia 4500
008 090123s9999 xx 000 0 und d
082 _b31096
_a891.463/मेंगजी
100 _aमेंगजी अशोक
245 _aमहापाषाण
250 _a1
260 _bशांती प्रकाशन
_c1999
300 _a256
600 _aमेंगजी अशोक
630 _aमहापाषाण
700 _aमेंगजी अशोक
730 _aमहापाषाण
942 _cBOOK
999 _c69155
_d69155